000 00325nam a2200121 a 4500
008 100917s1965|||| d
245 1 0 _aBarón Goldring sa vracaia
100 1 _aDolď-Mychajlyk, Jurij
260 _bVydavateľstvo politickej literartúry
_aBratislava
_c1965
020 _c18
044 _axo
_cSK
041 _aslo
999 _c10468
_d10468